000 00449pab a2200145 454500
008 180718b xxu||||| |||| 00| 0 eng d
100 _aJoshi C.T.
245 _aKarnataka: 'selective' polls in Panchayati Raj
362 _a42(27), 3-9 Jul 1994, p.7
650 _a Village Panchayats -- India -- Karnataka
650 _a Panchayat -- Election -- India -- Karanataka
650 _aElections -- India -- Karnataka
773 _aNew Age
909 _a27283
999 _c27283
_d27283